|
|
|
|
| LEADER |
01303nam a22002897a 4500 |
| 001 |
32733 |
| 003 |
BD-DhAAL |
| 005 |
20191114151626.0 |
| 008 |
181210t2014 bg a|||| |||| 00| 0 eng d |
| 999 |
|
|
|c 40360
|d 40360
|
| 020 |
|
|
|a 9789843380517
|
| 040 |
|
|
|a BD-DhAAL
|
| 041 |
|
|
|a ben
|a eng
|
| 082 |
|
|
|a 720.95492
|2 22
|
| 245 |
|
|
|a An architect in Bangladesh :
|b conversations with Muzharul Islam /
|c edited with an introduction by Kazi Khaleed Ashraf.
|
| 246 |
|
|
|a বাঙলাদেশের স্থপতি : সংলাপে মাজহারুল ইসলাম
|
| 260 |
|
|
|a Dhaka :
|b Loka press,
|c 2014
|
| 300 |
|
|
|a 211 pages :
|b illustrations ;
|c 23 cm.
|
| 526 |
|
|
|a ARC
|
| 541 |
|
|
|a Bengal Institute for Architecture, Landscapes and Settlements
|
| 600 |
|
|
|a Islam, Muzharul,
|c Architekt.
|d 1923-
|9 29139
|
| 650 |
|
|
|a Architecture
|z Bangladesh
|x History.
|9 29140
|
| 650 |
|
|
|a Architecture
|z Bangladesh
|x Designs and plans.
|9 29141
|
| 700 |
|
|
|a Ashraf, Kazi Khaleed
|9 29142
|
| 852 |
|
|
|a Ayesha Abed Library
|c General Stacks
|
| 942 |
|
|
|2 ddc
|c BK
|
| 952 |
|
|
|0 0
|1 0
|2 ddc
|4 0
|6 720_954920000000000_ARC
|7 0
|9 64792
|a BRACUL
|b BRACUL
|c GEN
|d 2018-12-10
|e Bengal Institute for Architecture, Landscapes and Settlements
|g 1000.00
|l 5
|m 74
|o 720.95492 ARC
|p 3010032733
|r 2026-05-20
|s 2025-10-12
|t 1
|v 1000.00
|w 2018-12-10
|y BK
|